000
00328nam a2200133Ia 4500
008
240624s9999 xx 000 0 und d
041
_a
eng
082
_a
823 NEL
100
_a
NELSON JAMES L
245
_a
LORD OF THE OCEAN A NOVEL
260
_c
1999
_a
New York
_b
Pockets Books
300
_a
354 : p. : cm. ; 21
365
_c
RS
_b
50
999
_c
8573
_d
8573